The Mystery The Disappearing Bicycle

Bibliographic Details
Main Author: Baker,Rann
Format: Book
Published: Kuala Lumpur : Sama Publication 1991
Series:Evergreen Short Stories Series
Subjects:

MARC

LEADER 00000cam a2200000 7i4500
001 0000123785
005 20171003.0
008 171003t19911991 ag 0000 eng
020 |a 9679383714 
040 |a PERPUSTAM   |b eng   |c PERPUSTAM   |e rda 
090 0 0 |a J 823.01 SER 
100 1 |a Baker,Rann 
245 1 0 |a The Mystery The Disappearing Bicycle   |c Baker,Rann 
264 2 4 |a Kuala Lumpur :   |b Sama Publication   |c 1991 
300 |a 27pages :   |b illustration ;   |c 20cm. 
336 |a text, rdacontent 
337 |a unmediated  |2 rdamedia 
338 |a volume  |2 rdacarrier 
490 1 |a Evergreen Short Stories Series 
650 0 0 |a Reading 
830 0 |a Evergreen Short Stories Series 
999 |a 0000446950   |b Buku   |c Koleksi Pinjaman Kanak-Kanak   |e Perpustakaan Cawangan Jasin 
999 |a 0000446951   |b Buku   |c Koleksi Pinjaman Kanak-Kanak   |e Perpustakaan Cawangan Jasin 
999 |a 0000446952   |b Buku   |c Koleksi Pinjaman Kanak-Kanak   |e Perpustakaan Cawangan Jasin